000
00294nam a2200121Ia 4500
008
221030s9999 xx 000 0 und d
041
_a
English
100
_a
ECA/BPB
245
0
_a
Upto Date CMos Data & Compariosn Tables 4000--74162244
_c
by ECA/BPB
260
_c
0
650
_a
B
942
_c
BK
999
_c
14562
_d
14562